Teaching springboard diving / (Record no. 16556)
[ view plain ]
| 000 -LEADER | |
|---|---|
| fixed length control field | 00742cam a22002531 4500 |
| 001 - CONTROL NUMBER | |
| control field | 16556 |
| 003 - CONTROL NUMBER IDENTIFIER | |
| rucl marc code | BD-RjUL |
| 005 - DATE AND TIME OF LATEST TRANSACTION | |
| control field | 20211209000026.0 |
| 008 - FIXED-LENGTH DATA ELEMENTS--GENERAL INFORMATION | |
| fixed length control field | 140213s1963 njua 001 0 eng |
| 035 ## - SYSTEM CONTROL NUMBER | |
| System control number | (BD-RjUL)16611 |
| System control number | (OCoLC)1137170 |
| 040 ## - CATALOGING SOURCE | |
| Original cataloging agency | DLC |
| Transcribing agency | VtMiM |
| Modifying agency | BD-RjUL |
| Language of cataloging | eng |
| 041 ## - LANGUAGE CODE | |
| Language code of text/sound track or separate title | eng |
| 082 00 - DEWEY DECIMAL CLASSIFICATION NUMBER | |
| Classification number | 797.23 |
| Author mark and year | FAT 1963 |
| 100 1# - MAIN ENTRY--PERSONAL NAME | |
| Personal name | Fairbanks, Anne Ross. |
| 9 (RLIN) | 51167 |
| 245 10 - TITLE STATEMENT | |
| Title | Teaching springboard diving / |
| Statement of responsibility, etc. | Anne Ross Fairbanks; Illustrated by Gil Evans and Craig Kavafes. |
| 260 ## - PUBLICATION, DISTRIBUTION, ETC. (IMPRINT) | |
| Place of publication, distribution, etc. | Englewood Cliffs, N.J. : |
| Name of publisher, distributor, etc. | Prentice-Hall, |
| Date of publication, distribution, etc. | c1963. |
| 300 ## - PHYSICAL DESCRIPTION | |
| Pagination | ix, 208 p. : |
| Illustrations | illus. ; |
| Size | 24 cm. |
| 500 ## - GENERAL NOTE | |
| General note | Includes index. |
| 650 #0 - SUBJECT ADDED ENTRY--TOPICAL TERM | |
| Topical term or geographic name as entry element | Diving. |
| 9 (RLIN) | 51168 |
| 942 ## - ADDED ENTRY ELEMENTS (KOHA) | |
| Source of classification or shelving scheme | Dewey Decimal Classification |
| Koha item type | Books |
| Lost status | Source of classification or shelving scheme | Damaged status | Not for loan | Collection code | Permanent Location | Current Location | Shelving location | Date acquired | Source of acquisition | Cost, normal purchase price | Total Checkouts | Full call number | Date last seen | Copy number | Koha item type |
|---|---|---|---|---|---|---|---|---|---|---|---|---|---|---|---|
| Dewey Decimal Classification | Not For Loan | Non-fiction | Central Library, University of Rajshahi | Central Library, University of Rajshahi | Reading Room | 20/10/1970 | Zeitlinger | 65.00 | 797.23 FAT 1963 | 13/02/2014 | C-1 | Books | |||
| Dewey Decimal Classification | Non-fiction | Central Library, University of Rajshahi | Central Library, University of Rajshahi | 11/07/1969 | Pak. American com. | 22.50 | 797.23 FAT 1964 | 24/02/2014 | C-2 | Books | |||||
| Dewey Decimal Classification | Central Library, University of Rajshahi | Central Library, University of Rajshahi | Reading Room | 19/06/2014 | 797.23 FAT 1963 | 19/06/2014 | C-3 | Books |